| 000 | 00407nam a2200121 4500 | ||
|---|---|---|---|
| 999 |
_c14355 _d14355 |
||
| 008 | 190913b ||||| |||| 00| 0 eng d | ||
| 100 |
_939585 _aTalavera, Catherine. |
||
| 245 |
_aSchools urged to keep up with 4th industrial revolution/ _cCatherine Talavera. |
||
| 260 |
_aPhilippines: _bThe Philippines Star; _cc2018. |
||
| 300 | _apage B11. | ||
| 650 | 0 |
_939586 _aTechnological innovations. |
|
| 942 |
_2ddc _cPER |
||